| 000 | 00545nam a2200181 a 4500 | ||
|---|---|---|---|
| 005 | 20140310183306.0 | ||
| 008 | 050819s19uu xx 00 eng d | ||
| 020 | _a0764525794 | ||
| 050 |
_aQA 76.65 _b.M35 2003 |
||
| 100 | _aMansfield, Richard | ||
| 245 |
_aVisual basic.net : _ball-in-one desk reference for dummies / _cRichard Mansfield |
||
| 260 |
_aU.S.A : _bWiley Publishing Incorporation, _c2003. |
||
| 300 |
_a786 p. : _bill. ; _c26 cm. |
||
| 521 | _aIT | ||
| 650 | _aMicrosoft visual basic. | ||
| 942 |
_cBK _2lcc _kFOR |
||
| 999 |
_c21078 _d21078 |
||